50 años de teatro, periodismo y locución / (Record no. 21825)
[ view plain ]
| 000 -CABECERA | |
|---|---|
| campo de control de longitud fija | 00821nam a2200229 a 4500 |
| 001 - NÚMERO DE CONTROL | |
| campo de control | 000022327 |
| 005 - FECHA Y HORA DE LA ÚLTIMA TRANSACCIÓN | |
| campo de control | 20260522135605.0 |
| 008 - DATOS DE LONGITUD FIJA--INFORMACIÓN GENERAL | |
| campo de control de longitud fija | 100927s1982 dr ac 001 0 spa d |
| 040 ## - FUENTE DE LA CATALOGACIÓN | |
| Centro catalogador/agencia de origen | DO-SdBNP |
| Lengua de catalogación | spa |
| Centro/agencia transcriptor | BNPHU |
| 082 ## - NÚMERO DE LA CLASIFICACIÓN DECIMAL DEWEY | |
| Número de clasificación | 790.2092 |
| Número de documento/Ítem | R696c |
| 100 1# - ENTRADA PRINCIPAL--NOMBRE DE PERSONA | |
| Nombre de persona | Rodri-Mur, Enrique, |
| Fechas asociadas al nombre | 1909- |
| 9 (RLIN) | 46085 |
| 245 10 - MENCIÓN DE TÍTULO | |
| Título | 50 años de teatro, periodismo y locución / |
| Mención de responsabilidad, etc. | Enrique Rodri-Mur ; prólogo Rubén Suro. |
| 246 13 - FORMA VARIANTE DE TÍTULO | |
| Título propio/Titulo breve | Cincuenta años de teatro, periodismo y locución. |
| 260 ## - PUBLICACIÓN, DISTRIBUCIÓN, ETC. | |
| Lugar de publicación, distribución, etc. | Santo Domingo : |
| Nombre del editor, distribuidor, etc. | Corripio, |
| Fecha de publicación, distribución, etc. | 1982. |
| 300 ## - DESCRIPCIÓN FÍSICA | |
| Extensión | 344 P. : |
| Otras características físicas | il., retrs. ; |
| Dimensiones | 23 cm. |
| 590 ## - NOTA LOCAL (RLIN) | |
| Nota local | Inventariado, 2018/LP |
| 650 #4 - PUNTO DE ACCESO ADICIONAL DE MATERIA--TÉRMINO DE MATERIA | |
| Término de materia o nombre geográfico como elemento de entrada | Autores españoles |
| Subdivisión cronológica | SIGLO XX |
| 9 (RLIN) | 633 |
| 650 #0 - PUNTO DE ACCESO ADICIONAL DE MATERIA--TÉRMINO DE MATERIA | |
| Término de materia o nombre geográfico como elemento de entrada | Periodistas |
| 9 (RLIN) | 46086 |
| 650 #4 - PUNTO DE ACCESO ADICIONAL DE MATERIA--TÉRMINO DE MATERIA | |
| Término de materia o nombre geográfico como elemento de entrada | Intelectuales |
| Subdivisión geográfica | España |
| Subdivisión cronológica | SIGLO XX |
| 9 (RLIN) | 46087 |
| 700 1# - PUNTO DE ACCESO ADICIONAL--NOMBRE DE PERSONA | |
| Nombre de persona | Suro, Rubén, |
| Término indicativo de función/relación | pról. |
| 9 (RLIN) | 26798 |
| 910 ## - DATOS DE OPCIÓN DEL USUARIO (OCLC) | |
| Datos de opción del usuario | Validado. Control de calidad EMS |
| Estado de retiro | Estado de pérdida | No para préstamo | Código de colección | Localización permanente | Ubicación/localización actual | Ubicación en estantería | Fecha de adquisición | Número de inventario | Total de préstamos | Signatura topográfica completa | Código de barras | Fecha visto por última vez | Precio válido a partir de | Tipo de ítem Koha | Número de copia |
|---|---|---|---|---|---|---|---|---|---|---|---|---|---|---|---|
| Excluido de préstamo | Patrimonio Dominicano | Patrimonio Dominicano | Patrimonio Dominicano | Depósito | 27.09.2010 | LF1 | 790.2092 R696c | 22327-10 | 25.06.2020 | 25.06.2020 | Libro y Folleto Colección Patrimonio Dominicano | ||||
| Excluido de préstamo | Patrimonio Dominicano | Patrimonio Dominicano | Patrimonio Dominicano | Depósito | 27.09.2010 | LF1 | 790.2092 R696c | 22327-20 | 25.06.2020 | 25.06.2020 | Libro y Folleto Colección Patrimonio Dominicano | e. 2 |
